• 首页
  • 本馆介绍
  • 公告通知
  • 最新文献
  • 馆藏检索
  • 电子资源
  • 读者导购
  • 参考咨询
  • 我的图书馆
  • 登录
  • 详细信息显示
  • 放入我的书架
  • 预约/预借图书
  • 作者相关作品
  • 分类相关作品
  • 丛书相关作品
  • 出版社相关作品

书目信息

  • 表格格式
  • 工作单格式
  • 卡片格式
题名:
水和废水标准检验法
    
 
作者: ;张曾〓 译 ;美国公共卫生协会 编
分册:  
出版信息: 北京   中国建筑工业出版社  1978
页数: 617页
开本: 26cm
丛书名:
单 册:
中图分类: X832
科图分类:
主题词: 水质分析-水质污染--美国 , 水质污染-水质分析--美国
电子资源:
ISBN:
000 00944nam0 2200277 45
001 0178004939
005 20060925143813.37
010    @dCNY3.35
091    @a15040.3483
100    @a19950727d1978 emky0chiy0121 ea
101 1  @achi@ceng
102    @aCN@b110000
105    @ay z 000yy
200 10 @a水和废水标准检验法@Ashui he fei shui biao zhun jian yan fa@e13版@f美国公共卫生协会等编@g张曾〓等译
210    @a北京@c中国建筑工业出版社@d1978
215    @a617页@d26cm
300    @a书名原文:Standard methods for the examination of water and wastewater
510 1  @aStandard methods for the examination of water and wastewater@zeng
606    @a水质分析-水质污染@y美国
606    @a水质污染-水质分析@y美国
610 0  @a水检验@a废水检验
690    @aX832@v3
702  0 @a张曾〓@Azhang zeng hui@4译
711 02 @a美国公共卫生协会@Amei guo gong gong wei sheng xie hui@4编
801  0 @aCN@bTSSF@c20060925
905    @a10447@dX832@e48
    
    水和废水标准检验法:13版/美国公共卫生协会等编/张曾〓等译.-北京:中国建筑工业出版社,1978
    617页;26cm
    书名原文:Standard methods for the examination of water and wastewater
    
    ISBN :CNY3.35
    
●
相关链接 在E读中查询图书 在五车中查询图书 在当当中查询图书 在豆瓣中查询图书


正题名:水和废水标准检验法     索取号:X832/48         预约/预借

序号 登录号 条形码 馆藏地/架位号 状态 备注
1 0422592   204225926   密集书库/ [索取号:X832/48] 在馆    
2 0458648   204586484   密集书库/ [索取号:X832/48] 在馆    
3 0458649   204586493   密集书库/ [索取号:X832/48] 在馆    
唐山师范学院图书馆 欢迎您!
大连网信软件有限公司© 版权所有